{"text_format":"3","workbook":"xlsx","n_sheets":1,"sheets":["Sheet1"],"read":"whole","date_system":"1900"}

{"sheet":"Sheet1","index":0,"n_rows":101,"n_cols":17,"rows_kept":101,"merged":[[0,0,0,8],[91,0,91,5],[92,0,92,8]]}
["附件1：              办公用品报价单（元）"]
["序号","品牌","型号","单位","数量","控制价（单价）","控制价（总价）","报价 （单价）","  报价 （总价）"]
[1,"得力","s01中性笔","支",50,3,150]
[2,"得力","s02中性笔","支",50,3,150]
[3,"齐心","3511中性笔","支",50,3,150]
[4,"得力","6600中性笔","支",50,1.5,75]
[5,"齐心","A1中性笔","支",50,1.5,75]
[6,"得力","s856中性笔","支",50,3,150]
[7,"得力","6906中性笔芯","支",50,1.5,75]
[8,"得力","6916中性笔芯","支",50,1.5,75]
[9,"得力","s555记号笔","支",10,5,50]
[10,"得力","s563勾线笔","支",10,3.5,35,{"$nulls":8},"                                                                                                                                                                                                                                                                                                                                                                                                                                                                                                                                                                                                                                                                                                                                                                                                                                                                                                                                                                                                                                                                                                                                                                                                                                                                                              "]
[11,"得力","s502白板笔","支",10,3.5,35]
[12,"雄狮","201勾线笔","支",10,5,50]
[13,"听雨轩","4122记号笔","支",10,2,20]
[14,"得力","6824记号笔","支",10,3,30]
[15,"得力","7091固体胶","支",50,3,150]
[16,"得力","7092固体胶","支",50,4,200]
[17,"得力","7093固体胶","支",20,8,160]
[18,"得力","7302液体胶","支",50,3,150]
[19,"得力","7312液体胶","支",20,5,100]
[20,"得力","0368订书机","个",10,45,450]
[21,"得力","0414订书机","个",10,20,200]
[22,"得力","0485订书机","个",1,200,200]
[23,"可得优","K5527订书机","个",4,25,100]
[24,"可得优","5887订书机","个",2,80,160]
[25,"三木","8505N订书机","个",4,25,100]
[26,"齐心","3114订书机","个",4,30,120]
[27,"得力","0012订书钉","盒",20,3,60]
[28,"齐心","3058订书钉","盒",20,3,60]
[29,"得力","0018回形针","盒",50,3,150]
[30,"得力","0042工字钉","盒",20,10,200]
[31,"原木","100个工字钉","盒",20,15,150]
[32,"得力","0020图钉","盒",50,3,150]
[33,"得力","8551长尾夹","盒",10,20,200]
[34,"得力","8552长尾夹","盒",10,25,250]
[35,"得力","8553长尾夹","盒",10,20,200]
[36,"得力","8554长尾夹","盒",10,25,250]
[37,"得力","8555长尾夹","盒",10,15,150]
[38,"得力","8556长尾夹","盒",10,18,180]
[39,"齐心","3631长尾夹","盒",10,20,200]
[40,"齐心","3632长尾夹","盒",10,25,250]
[41,"齐心","3633长尾夹","盒",10,15,150]
[42,"齐心","3634长尾夹","盒",10,20,200]
[43,"齐心","3635长尾夹","盒",10,12,120]
[44,"齐心","3636长尾夹","盒",10,15,150]
[45,"金亿利","1047银色长尾夹","盒",10,25,250]
[46,"茂兴","透明文件袋","个",100,1.5,150]
[47,"得力","8038文件袋","个",100,2,200]
[48,"得力","6001剪刀","把",10,15,150]
[49,"得力","6018剪刀","把",10,12,120]
[50,"得力","美工刀","把",20,8,160]
[51,"得力","2034美工刀","把",20,5,100]
[52,"新时达","2235泡沫胶","卷",10,3,30]
[53,"新时达","3635泡沫胶","卷",10,5,50]
[54,"新时达","3010纳米胶","卷",10,8,80]
[55,"翔龙","A4速印纸","令",2,300,600]
[56,"翔龙","8开速印纸","令",1,280,280]
[57,"翔龙","会议记录本","本",20,5,100]
[58,"翔龙","备课本","本",10,5,50]
[59,"齐心","603文件夹","个",20,15,300]
[60,"金得利","q311抽杆夹","个",10,4,40]
[61,"金亿利","1116文件夹","个",10,8,80]
[62,"金亿利","三层金属文件盘","个",5,50,250]
[63,"康百","4302垫板","包",5,15,75]
[64,"佰利浩奇","10kg粘钩","个",50,3,150]
[65,"汇鑫","25开皮面笔记本","本",10,20,200]
[66,"霸王星","8195时钟","个",1,60,60]
[67,"港信","998签约夹","个",5,40,200]
[68,"得力","7578荣誉证书","本",10,15,150]
[69,"得力","7757荣誉证书","本",10,18,180]
[70,"得力","3876A装订机","台",1,650,650]
[71,"校安星","双节柜","个",1,200,200]
[72,"校安星","文件柜","个",1,650,650]
[73,"三木","9280碎纸机","台",1,600,600]
[74,"南孚","5#/7#","对",100,6,600]
[75,"南孚","9V","个",10,15,150]
[76,"超霸","5#","对",10,5,50]
[77,"得力","837计算器","个",5,30,150]
[78,"卡西欧","GX120B计算器","个",1,120,120]
[79,"歌赋","120克A4牛皮纸","包",10,25,250]
[80,"埃克曼","120克A4彩打纸","包",10,35,350]
[81,"西玛","8220收据","本",50,3,150]
[82,"金蝶","SX103-A费用报销单","本",50,5,250]
[83,"金蝶","A4会计凭证","套",10,50,500]
[84,"歌赋","680克进口纸档案盒2863","个",20,5,100]
[85,"歌赋","680克进口纸档案盒2862","个",20,5,100]
[86,"西玛","A4账薄装订封面","包",10,30,300]
[87,"金隆兴","意见箱","个",1,100,100]
[88,"铂印","A4打印纸","件",30,120,3600]
[89,"永丰","70克打印纸","件",2,200,400]
["                                         合计",{"$nulls":5},{"$f":"SUM(G3:G91)","v":19555}]
["注：1、以上价格为含税价，开具  %增值税发票；2、以最终实际下单数量结算。"]
{"$rows_empty":7}
[{"$nulls":16},"色"]